书目信息 |
| 题名: |
体育旅游与野外生存
|
|
| 作者: | 石晓峰 著 | |
| 分册: | ||
| 出版信息: | 北京 北京体育大学出版社 2017.12 |
|
| 页数: | 325页 | |
| 开本: | 17cm | |
| 丛书名: | ||
| 单 册: | ||
| 中图分类: | F590.7 , G895 | |
| 科图分类: | ||
| 主题词: | 体育--旅游 , 野外--生存 | |
| 电子资源: | ||
| ISBN: | 978-7-5644-2674-3 | |
| 000 | 01090nam0 2200241 450 | |
| 001 | 417605 | |
| 005 | 20180527222230.95 | |
| 010 | @a978-7-5644-2674-3@dCNY72.00 | |
| 100 | @a20170731d2017 em y0chiy0110 ea | |
| 101 | 0 | @achi |
| 102 | @aCN@b110000 | |
| 105 | @ay z 000yy | |
| 200 | 1 | @a体育旅游与野外生存@9ti yu lv you yu ye wai sheng cun@f石晓峰著 |
| 210 | @a北京@c北京体育大学出版社@d2017.12 | |
| 215 | @a325页@d17cm | |
| 330 | @a体育旅游作为旅游产业和体育产业交叉融合又相互渗透产生的一个新的领域,是以体育资源为基础,吸引人们参加与感受或体验体育活动和大自然情趣的一种新的旅游形式。体育与旅游有机结合,使得体育可以通过旅游业来实现体育产业价值的提升,有益于开发体育资源,丰富和拓展体育运动产品,而旅游能通过体育赛事的巨大影响力吸引更多的旅游人口,它一方面有益于拓展新的旅游产品,另一方面使旅游者寓于参与体育与旅游之中,在旅游中寻找体育乐趣、强健体魄,在运动中观光赏景、陶冶情操。 | |
| 606 | 0 | @a体育@x旅游 |
| 606 | 0 | @a野外@x生存 |
| 690 | @aF590.7@v5 | |
| 690 | @aG895@v5 | |
| 701 | 0 | @a石晓峰@9shi xiao feng@4著 |
| 801 | 0 | @aCN@b91CIP@c20170731 |
| 905 | @aMuseLib@dF590.7@e550 | |
| 体育旅游与野外生存/石晓峰著.-北京:北京体育大学出版社,2017.12 |
| 325页;17cm |
| ISBN 978-7-5644-2674-3:CNY72.00 |
| 体育旅游作为旅游产业和体育产业交叉融合又相互渗透产生的一个新的领域,是以体育资源为基础,吸引人们参加与感受或体验体育活动和大自然情趣的一种新的旅游形式。体育与旅游有机结合,使得体育可以通过旅游业来实现体育产业价值的提升,有益于开发体育资源,丰富和拓展体育运动产品,而旅游能通过体育赛事的巨大影响力吸引更多的旅游人口,它一方面有益于拓展新的旅游产品,另一方面使旅游者寓于参与体育与旅游之中,在旅游中寻找体育乐趣、强健体魄,在运动中观光赏景、陶冶情操。 |
| ● |
| 相关链接 |
|
|
|
|
正题名:体育旅游与野外生存
索取号:F590.7/550
 
预约/预借
| 序号 | 登录号 | 条形码 | 馆藏地/架位号 | 状态 | 备注 |
| 1 | 1112099 | 211120990 | 第一样本阅览室/ [索取号:F590.7/550] | 在馆 | |
| 2 | 1112100 | 211121007 | 教育系资料室/ [索取号:F590.7/550] | 在馆 | |
| 3 | 1112101 | 211121016 | 教育系资料室/ [索取号:F590.7/550] | 在馆 | |
| 4 | 1112102 | 211121025 | 第一借阅区/ [索取号:F590.7/550] | 在馆 |